Southville International School and Colleges
Your cart is empty.
  • Cart
  • Lists
    Public lists Eva Luna New books Lux_list list_1
    Your lists Log in to create your own lists
  • Log in to your account
  • Your cookies
  • Search history
Southville International School and Colleges
  • Advanced search
  • Recent comments
  • Most popular
  • Libraries

Log in to your account

Log in with GOOGLE


If you do not have an external account, but do have a local account, you can still log in:

  1. Home
  2. MARC view: Brownie guide handbook /
Normal view MARC view ISBD view

Brownie guide handbook / (Record no. 109966)

[ view plain ]
MARC details
000 -LEADER
fixed length control field 00524nam a2200181 a 4500
001 - CONTROL NUMBER
control field 0093
005 - DATE AND TIME OF LATEST TRANSACTION
control field 20140414131847.0
008 - FIXED-LENGTH DATA ELEMENTS--GENERAL INFORMATION
fixed length control field 040728s19uu xx 00 eng d
020 ## - INTERNATIONAL STANDARD BOOK NUMBER
International Standard Book Number 0-85260-099-2
050 ## - LIBRARY OF CONGRESS CALL NUMBER
Classification number M 369.463
Item number N31 1990
100 ## - MAIN ENTRY--PERSONAL NAME
Personal name Neilands, Lynda
245 ## - TITLE STATEMENT
Title Brownie guide handbook /
Statement of responsibility, etc Lynda Neilands ; illustrators by Jenny Mumford.
260 ## - PUBLICATION, DISTRIBUTION, ETC. (IMPRINT)
Place of publication, distribution, etc [s.l.] :
Name of publisher, distributor, etc Girl Guides Association,
Date of publication, distribution, etc 1990.
300 ## - PHYSICAL DESCRIPTION
Extent 153 p. : ill. ; cm.
500 ## - GENERAL NOTE
General note Includes index
650 ## - SUBJECT ADDED ENTRY--TOPICAL TERM
Topical term or geographic name as entry element School children.
Holdings
Withdrawn status Lost status Damaged status Use restrictions Home library Current library Shelving location Date acquired Source of acquisition Total Checkouts Full call number Barcode Date last seen Price effective from Koha item type
        Munich Library Munich Library Main Section 07/28/2004     M 369.463 N31 1990 M0171 04/14/2014 04/14/2014 Books

Brownie guide handbook /

APA

Neilands L., . (1990). Brownie guide handbook. [s.l.]: Girl Guides Association.

Chicago

Neilands Lynda, . 1990. Brownie guide handbook. [s.l.]: Girl Guides Association.

Harvard

Neilands L., . (1990). Brownie guide handbook. [s.l.]: Girl Guides Association.

MLA

Neilands Lynda, . Brownie guide handbook. [s.l.]: Girl Guides Association. 1990.

  • Place hold
  • Print
  • Cite
  • Add to your cart (remove)
  • Save record
    BIBTEX Dublin Core MARCXML MARC (non-Unicode/MARC-8) MARC (Unicode/UTF-8) MARC (Unicode/UTF-8, Standard) MODS (XML) RIS
  • More searches
    Search for this title in:
    Other Libraries (WorldCat) Other Databases (Google Scholar) Online Stores (Bookfinder.com) Open Library (openlibrary.org)

Exporting to Dublin Core...

SOUTHVILLE LIBRARY

Southville International School and Colleges Library

1281 Tropical Ave. Cor. Luxembourg St., BF Homes International, Las Pinas City

Tel. No. 8256374 / 252358 Loc. 117/146

Powered by Koha